00422 2200157 4500001002100000005001500021035002000036245007200056100002200128300002700150260003100177082000800208084001400216020002200230990001200252INLIS00000000000268120250904031122 a0010-09250000281 aLingkungan Sehat :bRumah dan Sekolah /cDr.Suyud Warno Utomo, M.Si0 aSuyud Warno Utomo a58 hlm ;c14,5 x 21 cm aJakarta :bErlangga,c2021 a300 a300 SUY l a978-623-266-709-9 a0755341